000 00607cam a2200229 a 4500
001 13155699
005 20240202012659.0
008 021129s2002 ii 000 0 eng
020 _a8188394130 (bound)
020 _a8188394122 (pbk.)
040 _aDLC
_cDLC
082 _222
_a306.
_bPAN.
100 1 _aPanikkar, K. N.
245 1 3 _aAn agenda for cultural action and other essays /
_cK.N. Panikkar.
250 _a2st ed.
260 _aNew Delhi :
_bThree Essays Press,
_c2002.
300 _a171 p. ;
490 1 _aReadings
650 0 _aHinduism and politics
650 0 _aNationalism
942 _cL
999 _c269
_d269